000 00458nam a22001817a 4500
003 OSt
008 250217b |||||||| |||| 00| 0 eng d
020 _a0-07-460041-9
041 _aeng
082 _a519.5
_bBAI/EL
100 _aBaisnab, AP
_97168
245 _aElements of Probability and Statistics
250 _a2nd Reprint
260 _aDelhi:
_bTata McGraw Hill Publishing Co Ltd,
_c1998.
300 _a405p.
700 _aJas,M
_97206
942 _cBK
999 _c19397
_d19397